000 00338nam a22001217a 4500
020 _a8177225294
082 _222
_a004.69221
100 _aDuntemann, Jeff.
245 _aHow to do everything with email, spam and viruses /
260 _aNew Delhi,
_bWiley Publishers,
_cc2005.
300 _axxi, 334 p. ;
_bill. ;
_c23 cm.
942 _2ddc
_cIT
_02
999 _c456
_d456